| 000 | 00620nam a22002177a 4500 | ||
|---|---|---|---|
| 005 | 20251108175152.0 | ||
| 008 | 250721s2013 xx 000 0 ara d | ||
| 082 | 1 | 4 | _a121/بري |
| 100 | 1 |
_aبريتشارد، دنكان _eمؤلف |
|
| 245 | 1 | 0 | _aما المعرفة ؟ / |
| 246 | 1 | 1 | _awhat is thing called knowledge |
| 264 | 1 |
_a[د.م] : _b[د.ن]، _c2013. |
|
| 300 | _a303 ص. | ||
| 490 | 0 | _aعالم المعرفة | |
| 650 | 1 | 7 | _aنظرية المعرفة |
| 650 | 1 | 7 | _aالفلسفة |
| 650 | 1 | 7 | _aالحقائق |
| 700 | 1 |
_aناصر، مصطفى _eمترجم |
|
| 942 |
_2ddc _cBK |
||
| 999 |
_c127799 _d127799 |
||